000 01304aam a2200349 i 4500
999 _c46079
_d46079
001 768717001
003 CO-MdFUSB
005 20201113160400.0
008 180713t1976 enk||||g |||| 00| 0 eng d
020 _a0521086477
040 _aCO-MdFUSB
_bspa
_cCO-MdFUSB
_dCO-MdFUSB
_erda
041 _aeng
082 _224
_a222.607
_bC676f
100 1 _aCoggins, R. J.
_eautor
245 0 4 _aThe first and second books of the Chronicles
_c/ R. J. Coggins
260 _a
264 1 _aCambridge, England :
_bCambridge University Press,
_c℗1976
264 4 _c©1976
300 _a314 páginas
_c; 21 cm
336 _2rdacontent
_atexto
_btxt
337 _2rdamedia
_asin mediación
_bn
338 _2rdacarrier
_avolumen
_bnc
490 _aCambridge Bible Commentary
501 _aIncluye índice (p. 313-314)
505 0 _aUn trabajo descuidado. -- La obra del Cronista. -- El Cronista como historiador y como teólogo. -- El primer libro de las Crónicas. -- Las características de 1 Crónicas. -- El segundo libro de las Crónicas. -- Las características de 2 Crónicas. -- El Cronista como historiador e intérprete.
563 _aPasta dura
630 0 7 _aBiblia.
_pCrónicas, 1.ª
630 0 7 _aBiblia.
_pCrónicas, 2.ª
942 _cBK
945 _aJTF-925